000 00765nam a2200265Ia 4500
005 20250425162840.0
008 250425s9999 xx 000 0 und d
020 _a9789942386052
041 _aspa
082 _a920
_pESC
100 _aEscandon Dutan, Tsunki
245 0 _aCien mujeres de nuestra historia Ecuador
_cTsunki, Escandon Dutan
250 _aSegunda edición
260 _aCuenca
_bKynku
_c2021
300 _a209 pagina
_bilustración
_c20 cm.
500 _aIncluye índice
504 _abibliografía
650 _aEscritores e investigadores
650 _aHistoriadoras ecuatorianas
650 _aIgualdad de derechos
650 _aMujeres valientes y decididas
902 _aMonográfico
_cImpreso
942 _c01
010 _a113587
999 _c237678
_d237678